Textbook of microbiology / (Record no. 79552)
[ view plain ]
| 000 -LEADER | |
|---|---|
| fixed length control field | 00671nam a22001937a 4500 |
| 005 - DATE AND TIME OF LATEST TRANSACTION | |
| control field | 20131015152314.0 |
| 010 ## - LCCN (DPL NO) | |
| LC control number | B-527662 |
| 020 ## - INTERNATIONAL STANDARD BOOK NUMBER | |
| International Standard Book Number | 9788123921907 |
| Terms of availability | 650.00 |
| 035 ## - SYSTEM CONTROL NUMBER | |
| System control number | B-527662 |
| 037 ## - SOURCE OF ACQUISITION | |
| Stock number | RP/Karol Bagh |
| 082 ## - DEWEY DECIMAL CLASSIFICATION NUMBER | |
| Classification number | 616.01 |
| 100 ## - MAIN ENTRY--PERSONAL NAME | |
| Personal name | Arora D.R. |
| 245 ## - TITLE STATEMENT | |
| Title | Textbook of microbiology / |
| Statement of responsibility, etc | by D.R.Arora and Brij Bala Arora |
| 260 ## - PUBLICATION, DISTRIBUTION, ETC. (IMPRINT) | |
| Place of publication, distribution, etc | New Delhi |
| Name of publisher, distributor, etc | CBS Pub. |
| 270 ## - ADDRESS | |
| Address | CBS Plaza,4819/XI Prahlad Street,24 Ansari Road,Daryagang, |
| City | New Delhi |
| Postal code | 110002 |
| 300 ## - PHYSICAL DESCRIPTION | |
| Extent | 769p. |
| Other physical details | 24cm(pbk) |
| Dimensions | ill. |
| 942 ## - ADDED ENTRY ELEMENTS (KOHA) | |
| Source of classification or shelving scheme | Dewey Decimal Classification |
| Item type | English Books |
| Classification part | 616.01 |
| Call number suffix | ARO |
| Withdrawn status | Lost status | Not for loan | Collection code | Home library | Current library | Date acquired | Source of acquisition | Cost, normal purchase price | Full call number | Barcode | Copy number | Cost, replacement price | Koha item type |
|---|---|---|---|---|---|---|---|---|---|---|---|---|---|
| Written-off vide DLB M. No. 383 dt 16.05.19 | Non-fiction | Karol Bagh | Karol Bagh | 23/09/2013 | Mallika Books/70/23.09.13/RP-Karol Bagh/12.09.13/23.09.13 | 650.00 | 616.01 ARO | B-527662 | 1 | 650.00 | English Books |
